[Event "DEM U12/U12w 2008"]
[Site "Willingen GER"]
[Date "2008.05.15"]
[Round "8"]
[White "Scheel, Henrik"]
[Black "Rahimi, Rozafa"]
[Result "0-1"]
[Termination "normal"]
[Board "28"]
[WhiteElo "1481"]
[BlackElo "1297"]
[PlyCount "130"]
[WhiteFideId "24692115"]
[BlackFideId "24692280"]
[EventCountry "GER"]
[EventRounds "11"]
[EventType "swiss"]
[EventDate "2008.05.10"]

1. e4 d5 2. exd5 Qxd5 3. Nc3 Qa5 4. Nf3 Bf5 5. d4 c6 6. Be2 e6 7. O-O Nf6 8. h3
Bd6 9. Re1 O-O 10. Bd3 Bxd3 11. Qxd3 Nbd7 12. Bd2 Qc7 13. Ne4 h6 14. Nxd6 Qxd6
15. a3 Qc7 16. Rad1 Rfd8 17. Qe2 c5 18. Bc3 Nd5 19. Qc4 Rac8 20. dxc5 Qxc5 21.
Qxc5 Rxc5 22. Rd3 Rdc8 23. Rb1 N7b6 24. Bd4 Rxc2 25. Bxb6 Nxb6 26. Ne1 Rc1 27.
Rxc1 Rxc1 28. Kf1 Nd5 29. g3 Kf8 30. Ke2 Ke7 31. Rd2 b6 32. Rc2 Rxc2+ 33. Nxc2
Nc7 34. Nd4 Kd6 35. Ke3 e5 36. Nf5+ Kd5 37. Nxg7 Ne6 38. Nf5 h5 39. h4 f6 40.
Kd2 Ke4 41. Ne3 f5 42. Nc4 f4 43. gxf4 Kxf4 44. b4 b5 45. Nd6 a6 46. Kd3 Kf3
47. Kd2 Kxf2 48. Kd3 Kf3 49. Nf5 Nf4+ 50. Kc3 e4 51. Kd4 Ne2+ 52. Kc5 e3 53.
Kb6 Nf4 54. Kxa6 e2 55. Nd4+ Kg4 56. Nc2 Kxh4 57. Kxb5 Kg3 58. a4 h4 59. a5 h3
60. Kb6 h2 61. a6 h1=Q 62. b5 Qa8 63. a7 Nd5+ 64. Ka6 Nc7+ 65. Kb6 Nd5+ 0-1

[Event "DEM U12/U12w 2008"]
[Site "Willingen GER"]
[Date "2008.05.15"]
[Round "8"]
[White "Boberg, Tobias Marcel"]
[Black "Bonk, Andras"]
[Result "0-1"]
[Termination "normal"]
[Board "29"]
[WhiteElo "1283"]
[BlackElo "1473"]
[PlyCount "91"]
[WhiteFideId "24692298"]
[BlackFideId "24692123"]
[EventCountry "GER"]
[EventRounds "11"]
[EventType "swiss"]
[EventDate "2008.05.10"]

1. e4 c5 2. Nf3 Nc6 3. d4 cxd4 4. Nxd4 e6 5. Nc3 Nf6 6. Be3 Bb4 7. Bd3 d5 8.
Bd2 Nxd4 9. e5 Nd7 10. f4 Bxc3 11. Bxc3 Nc6 12. Qg4 O-O 13. h4 Nc5 14. Bb5 Qb6
15. Bxc6 bxc6 16. Bd4 Nd3+ 17. Kd2 Qxd4 18. cxd3 Qxb2+ 19. Ke3 d4+ 20. Kf3 c5
21. h5 Bb7+ 22. Kg3 Qxg2+ 23. Kh4 Qxg4+ 24. Kxg4 Bxh1 25. Rxh1 Rab8 26. Kh4 Rb2
27. Rg1 Rh2+ 28. Kg4 Rb8 29. Rc1 Rb5 30. a4 Ra5 31. Rc4 Rd2 32. Rc1 Rxd3 33.
Rb1 g6 34. h6 f5+ 35. exf6 Kf7 36. Rb7+ Kxf6 37. Rxh7 Rd1 38. Rh8 Rf1 39. Rf8+
Ke7 40. Rh8 Kf7 41. Kg5 c4+ 42. Kg4 Rh5 43. Ra8 Rxh6 44. Rxa7+ Kf6 45. Rc7 c3
46. Ra7 0-1

[Event "DEM U12/U12w 2008"]
[Site "Willingen GER"]
[Date "2008.05.15"]
[Round "8"]
[White "Vonhoff, Nils"]
[Black "Steimbach, Isabel"]
[Result "0-1"]
[Termination "normal"]
[Board "30"]
[WhiteElo "1282"]
[BlackElo "1448"]
[PlyCount "32"]
[WhiteFideId "24692301"]
[BlackFideId "24692174"]
[EventCountry "GER"]
[EventRounds "11"]
[EventType "swiss"]
[EventDate "2008.05.10"]

1. e4 e5 2. f4 exf4 3. Nf3 Nf6 4. Nc3 Bb4 5. e5 Nh5 6. d4 d6 7. Bc4 dxe5 8.
Nxe5 Qh4+ 9. Kd2 O-O 10. g3 fxg3 11. hxg3 Qxd4+ 12. Bd3 Qf2+ 13. Be2 Rd8+ 14.
Nd3 Bg4 15. a3 Bxc3+ 16. bxc3 Qxe2+ 0-1

[Event "DEM U12/U12w 2008"]
[Site "Willingen GER"]
[Date "2008.05.15"]
[Round "8"]
[White "Groetzbach, Daniel"]
[Black "Stolberg, Daniel"]
[Result "1-0"]
[Termination "normal"]
[Board "31"]
[WhiteElo "1454"]
[BlackElo "1372"]
[PlyCount "95"]
[WhiteFideId "24692166"]
[EventCountry "GER"]
[EventRounds "11"]
[EventType "swiss"]
[EventDate "2008.05.10"]

1. e4 c6 2. d4 d5 3. e5 Bf5 4. h4 h6 5. g4 Bh7 6. e6 fxe6 7. Bd3 Bxd3 8. Qxd3
Kd7 9. Nf3 Qe8 10. Ne5+ Kd8 11. Qg6 Qxg6 12. Nxg6 Rh7 13. Nxf8 Rh8 14. Nxe6+
Kd7 15. Nxg7 Nf6 16. f3 Na6 17. O-O Rag8 18. Nf5 h5 19. g5 e6 20. Ng3 Ne8 21.
c3 Nd6 22. Kg2 Nc7 23. Bf4 Nce8 24. Bxd6 Nxd6 25. Nd2 Nf7 26. f4 b6 27. Nf3 Nd6
28. Ne5+ Kc7 29. f5 exf5 30. Nxf5 Ne4 31. Ne7 Re8 32. Rf7 Rhf8 33. Rxf8 Rxf8
34. Rf1 Rxf1 35. Kxf1 c5 36. Nxd5+ Kd6 37. Nf6 Ng3+ 38. Kg2 Nf5 39. Nf3 cxd4
40. cxd4 Ng7 41. Kg3 a5 42. Kf4 b5 43. g6 Ke6 44. Kg5 Ke7 45. Nxh5 Ne6+ 46. Kh6
Kf8 47. g7+ Kg8 48. Nf6+ 1-0

[Event "DEM U12/U12w 2008"]
[Site "Willingen GER"]
[Date "2008.05.15"]
[Round "8"]
[White "Rahimi, Anita"]
[Black "Helle, Samuel"]
[Result "0-1"]
[Termination "normal"]
[Board "32"]
[WhiteElo "1172"]
[BlackElo "1438"]
[PlyCount "76"]
[WhiteFideId "24692336"]
[BlackFideId "24692182"]
[EventCountry "GER"]
[EventRounds "11"]
[EventType "swiss"]
[EventDate "2008.05.10"]

1. d4 Nf6 2. Bf4 e6 3. Nf3 d5 4. h3 c5 5. c3 Nc6 6. e3 Bd7 7. Bd3 Be7 8. Nbd2
a6 9. Rc1 O-O 10. O-O Qa5 11. a3 c4 12. Bb1 Qb5 13. Qc2 Na5 14. Bg5 g6 15. Ne5
Be8 16. Ba2 Kg7 17. Ng4 Ng8 18. Bf4 Qa4 19. Qxa4 Bxa4 20. Nf3 h5 21. Nge5 f6
22. Rfe1 fxe5 23. Bxe5+ Nf6 24. Ng5 Bd7 25. e4 Nc6 26. exd5 exd5 27. Bxf6+ Bxf6
28. Ne6+ Bxe6 29. Rxe6 Rfe8 30. Rd6 Rad8 31. Rxd8 Nxd8 32. b3 Re2 33. Ra1 b5
34. bxc4 bxc4 35. Bb1 Re1+ 36. Kh2 Rc1 37. Kg3 Rxc3+ 38. Kf4 Ne6# 0-1

[Event "DEM U12/U12w 2008"]
[Site "Willingen GER"]
[Date "2008.05.15"]
[Round "8"]
[White "Polert, Annika"]
[Black "Lagunov, Elina"]
[Result "0-1"]
[Termination "normal"]
[Board "33"]
[WhiteElo "1196"]
[BlackElo "1431"]
[PlyCount "42"]
[WhiteFideId "24692328"]
[BlackFideId "4673387"]
[EventCountry "GER"]
[EventRounds "11"]
[EventType "swiss"]
[EventDate "2008.05.10"]

1. e4 e5 2. Nf3 Nc6 3. d4 exd4 4. Nxd4 Nf6 5. Nxc6 bxc6 6. e5 Qe7 7. Qe2 Nd5 8.
c4 Ba6 9. Qe4 Nb6 10. Nc3 Bb7 11. Bd3 g6 12. O-O Bg7 13. f4 O-O-O 14. b3 Rde8
15. Qe2 f6 16. a4 fxe5 17. fxe5 Bxe5 18. Qc2 Qh4 19. Bf4 Bxf4 20. Rxf4 Qxf4 21.
a5 Qe3+ 0-1

[Event "DEM U12/U12w 2008"]
[Site "Willingen GER"]
[Date "2008.05.15"]
[Round "8"]
[White "Viereck, Marten"]
[Black "Kühne, Niklas"]
[Result "1-0"]
[Termination "normal"]
[Board "34"]
[WhiteElo "1414"]
[BlackElo "1283"]
[PlyCount "117"]
[WhiteFideId "24692190"]
[BlackFideId "24690015"]
[EventCountry "GER"]
[EventRounds "11"]
[EventType "swiss"]
[EventDate "2008.05.10"]

1. d4 d5 2. c4 e6 3. Nc3 Nf6 4. Bg5 Nbd7 5. Nf3 Be7 6. e3 O-O 7. cxd5 exd5 8.
Bd3 h6 9. Bh4 Re8 10. O-O b6 11. Qc2 Bb7 12. Rfe1 Ne4 13. Bxe7 Qxe7 14. Rab1
Ndf6 15. Bxe4 Nxe4 16. Nxe4 dxe4 17. Nd2 Rac8 18. Qa4 a5 19. Rbc1 Red8 20. Nc4
f6 21. Rc3 Rd5 22. Qa3 Qe6 23. Rec1 Rg5 24. Nd2 Qg4 25. g3 Qd7 26. Qb3+ Kh7 27.
Qc2 f5 28. Rxc7 Rxc7 29. Qxc7 Qxc7 30. Rxc7 Bd5 31. Nc4 b5 32. Nxa5 Bxa2 33.
Rb7 Bc4 34. Nxc4 bxc4 35. Rc7 Rg6 36. Rxc4 Rb6 37. b4 Kg8 38. Kg2 Rb5 39. f3
Kf7 40. fxe4 fxe4 41. Kh3 g5 42. Kg4 Kg6 43. Rc6+ Kg7 44. Re6 Rxb4 45. Rxe4 Rb2
46. h4 Rb5 47. h5 Kf6 48. Re8 Kf7 49. Rd8 Ke7 50. Rh8 Rb6 51. Rh7+ Kf8 52. Rd7
Ke8 53. Rg7 Kf8 54. Rg6 Rxg6 55. hxg6 Kg7 56. Kf3 Kxg6 57. g4 h5 58. gxh5+ Kxh5
59. Kg3 1-0

[Event "DEM U12/U12w 2008"]
[Site "Willingen GER"]
[Date "2008.05.15"]
[Round "8"]
[White "Greif, Gavin"]
[Black "Stanau, Guido"]
[Result "1-0"]
[Termination "normal"]
[Board "35"]
[WhiteElo "1268"]
[BlackElo "1333"]
[PlyCount "67"]
[WhiteFideId "24662429"]
[BlackFideId "24692255"]
[EventCountry "GER"]
[EventRounds "11"]
[EventType "swiss"]
[EventDate "2008.05.10"]

1. e4 d5 2. exd5 Nf6 3. Nf3 Nxd5 4. d4 Bg4 5. h3 Bh5 6. g4 Bg6 7. Ne5 e6 8. Bg2
c6 9. c4 Nb6 10. Bf4 Na6 11. O-O Rc8 12. Nc3 Bb4 13. a3 Bxc3 14. bxc3 f6 15.
Nxg6 hxg6 16. Qe2 Kf7 17. Rfe1 Qe8 18. Rab1 g5 19. Bd6 Qd7 20. c5 Rhe8 21. c4
Ra8 22. Be4 Nc8 23. Qd3 Rh8 24. Bg6+ Kg8 25. Qg3 b6 26. Re2 bxc5 27. dxc5 Nxd6
28. cxd6 e5 29. Qb3 Rh6 30. Bf5 Qd8 31. Reb2 g6 32. Be6+ Kf8 33. Qb7 Qe8 34. d7
1-0

[Event "DEM U12/U12w 2008"]
[Site "Willingen GER"]
[Date "2008.05.15"]
[Round "8"]
[White "Duchow, Julien"]
[Black "Schreiber, Justina"]
[Result "1/2-1/2"]
[Termination "normal"]
[Board "36"]
[WhiteElo "1303"]
[BlackElo "1172"]
[PlyCount "70"]
[BlackFideId "24661570"]
[EventCountry "GER"]
[EventRounds "11"]
[EventType "swiss"]
[EventDate "2008.05.10"]

1. e4 e6 2. d4 d5 3. Nc3 c5 4. Nf3 Nf6 5. e5 Ne4 6. Be3 Nxc3 7. bxc3 c4 8. Be2
Be7 9. O-O O-O 10. Ne1 f5 11. Qd2 Bd7 12. Nf3 Na6 13. Bg5 Bxg5 14. Qxg5 Qxg5
15. Nxg5 Nc7 16. a4 b5 17. a5 a6 18. f4 h6 19. Nf3 Be8 20. Nd2 g6 21. Rf3 Bf7
22. Rh3 Kh7 23. Nf3 Rh8 24. Ng5+ Kg7 25. Nxf7 Kxf7 26. g4 Rag8 27. Rg3 Ne8 28.
gxf5 gxf5 29. Bh5+ Ke7 30. Bxe8 Kxe8 31. Rf1 h5 32. Rf2 Rxg3+ 33. hxg3 Kf7 34.
Rh2 Kg7 35. Kg2 Rh6 1/2-1/2

[Event "DEM U12/U12w 2008"]
[Site "Willingen GER"]
[Date "2008.05.15"]
[Round "8"]
[White "Ewert, Paul"]
[Black "Stolcz, Bianca"]
[Result "1-0"]
[Termination "normal"]
[Board "37"]
[WhiteElo "1329"]
[BlackElo "1594"]
[PlyCount "113"]
[BlackFideId "24654914"]
[EventCountry "GER"]
[EventRounds "11"]
[EventType "swiss"]
[EventDate "2008.05.10"]

1. e4 c5 2. Nf3 Nc6 3. Nc3 d6 4. d4 cxd4 5. Nxd4 Nf6 6. Be2 e6 7. O-O Be7 8.
Be3 O-O 9. Kh1 a6 10. a4 Bd7 11. f4 Qc7 12. Qe1 Rac8 13. Qg3 Nxd4 14. Bxd4 Bc6
15. Bd3 Rfd8 16. Qh3 e5 17. Be3 Bd7 18. Qf3 Ng4 19. Nd5 Qb8 20. Nxe7+ Kf8 21.
Nxc8 Rxc8 22. f5 Nf6 23. Bg5 Ne8 24. f6 g6 25. Qg3 Kg8 26. h4 h5 27. Qe3 Rc6
28. Bh6 Qd8 29. Qg5 Be6 30. Bg7 Nxg7 31. fxg7 Qxg5 32. hxg5 Kxg7 33. Rac1 Rb6
34. b3 Rb4 35. Rf3 d5 36. exd5 Bxd5 37. Re3 Rh4+ 38. Kg1 Rg4 39. Re2 Rxg5 40.
Be4 Bxe4 41. Rxe4 Kf6 42. Rf1+ Ke6 43. Rb4 b5 44. axb5 axb5 45. Rxb5 h4 46. Kh2
f5 47. c4 e4 48. Rd1 e3 49. c5 f4 50. Rb6+ Ke7 51. c6 e2 52. Re1 Re5 53. c7 Kd7
54. Rxg6 Kxc7 55. Rg4 h3 56. Kxh3 Rh5+ 57. Rh4 1-0

[Event "DEM U12/U12w 2008"]
[Site "Willingen GER"]
[Date "2008.05.15"]
[Round "8"]
[White "Böhl, Marius"]
[Black "Priese, Annika"]
[Result "1-0"]
[Termination "normal"]
[Board "38"]
[WhiteElo "1471"]
[BlackElo "1256"]
[PlyCount "75"]
[WhiteFideId "24692131"]
[BlackFideId "24673730"]
[EventCountry "GER"]
[EventRounds "11"]
[EventType "swiss"]
[EventDate "2008.05.10"]

1. d4 d5 2. c4 e6 3. Nc3 Nf6 4. Nf3 Be7 5. Bg5 O-O 6. e3 c6 7. Bd3 Nbd7 8. O-O
dxc4 9. Bxc4 b5 10. Bd3 a6 11. e4 Bb7 12. Qc2 g6 13. Rfd1 Nb6 14. Rac1 Rc8 15.
Qe2 Qe8 16. Bh6 Nh5 17. Bxf8 Bxf8 18. Qc2 Bh6 19. Rb1 Bf4 20. Ne2 Bh6 21. Ng3
Kh8 22. Nxh5 gxh5 23. Qc5 Nd7 24. Qxh5 Qf8 25. e5 Qg7 26. g3 Nf8 27. Qh3 Ng6
28. Bxg6 Qxg6 29. Qh4 Rg8 30. Qf6+ Qxf6 31. exf6 c5 32. Ne5 Rf8 33. dxc5 Bd5
34. c6 Bg5 35. c7 Bb7 36. Rd8 Kg8 37. Nd7 Rxd8 38. cxd8=Q# 1-0

[Event "DEM U12/U12w 2008"]
[Site "Willingen GER"]
[Date "2008.05.15"]
[Round "8"]
[White "Puffay, Jana"]
[Black "Spiegelberg, Silvia"]
[Result "1-0"]
[Termination "normal"]
[Board "39"]
[WhiteElo "1047"]
[BlackElo "1455"]
[PlyCount "68"]
[WhiteFideId "24692360"]
[BlackFideId "24654450"]
[EventCountry "GER"]
[EventRounds "11"]
[EventType "swiss"]
[EventDate "2008.05.10"]

1. e4 c5 2. d4 cxd4 3. Qxd4 Nc6 4. Qd1 Nf6 5. Nc3 d6 6. Bc4 e5 7. Bg5 Be6 8.
Bb3 Rc8 9. Nf3 Bxb3 10. axb3 a6 11. O-O h6 12. Bh4 Be7 13. Re1 g5 14. Bg3 h5
15. h3 g4 16. hxg4 Nxg4 17. Nd5 h4 18. Bh2 Rg8 19. Ne3 Nxh2 20. Kxh2 Qd7 21.
Nf5 Rh8 22. Qd2 Qe6 23. Ng7+ Kd7 24. Nxe6 Kxe6 25. Rad1 Rcg8 26. Qd5+ Kf6 27.
Kh3 a5 28. Nxh4 Nd8 29. g3 Ne6 30. Rf1 Ng5+ 31. Kg2 b5 32. f4 Ne6 33. fxe5+ Kg7
34. Nf5+ Kf8 1-0

[Event "DEM U12/U12w 2008"]
[Site "Willingen GER"]
[Date "2008.05.15"]
[Round "8"]
[White "Bokemaer, David"]
[Black "Hellwig, Immo"]
[Result "1-0"]
[Termination "normal"]
[Board "40"]
[WhiteElo "1433"]
[BlackElo "1278"]
[PlyCount "77"]
[EventCountry "GER"]
[EventRounds "11"]
[EventType "swiss"]
[EventDate "2008.05.10"]

1. e4 e5 2. Nf3 Nc6 3. d4 exd4 4. Nxd4 Bc5 5. Nxc6 bxc6 6. Nc3 Nf6 7. Bg5 Be7
8. Bc4 Nxe4 9. Bxe7 Qxe7 10. Nxe4 Qxe4+ 11. Qe2 Qxe2+ 12. Bxe2 O-O 13. O-O-O
Re8 14. Bf3 Re7 15. Bxc6 Rb8 16. Bf3 Ba6 17. Rhe1 Rbe8 18. Rxe7 Rxe7 19. Bc6 d6
20. Bf3 Kf8 21. Kd2 Re5 22. Re1 Rxe1 23. Kxe1 Ke7 24. Kd2 Kd7 25. Ke3 Ke6 26.
c3 Bc4 27. b3 Bd5 28. Bxd5+ Kxd5 29. Kf4 Ke6 30. h3 h6 31. f3 f5 32. Ke3 g5 33.
g3 Ke5 34. f4+ gxf4+ 35. gxf4+ Ke6 36. b4 c6 37. Kd4 d5 38. Kc5 Kd7 39. b5 1-0

[Event "DEM U12/U12w 2008"]
[Site "Willingen GER"]
[Date "2008.05.15"]
[Round "8"]
[White "Pührer, Anne"]
[Black "Eichstaedt, Mirko"]
[Result "0-1"]
[Termination "normal"]
[Board "41"]
[WhiteElo "1369"]
[BlackElo "1265"]
[PlyCount "88"]
[WhiteFideId "24692247"]
[BlackFideId "24692310"]
[EventCountry "GER"]
[EventRounds "11"]
[EventType "swiss"]
[EventDate "2008.05.10"]

1. e4 c6 2. d4 d5 3. Nc3 dxe4 4. Nxe4 Bf5 5. Ng3 Bg6 6. Nf3 Nf6 7. Bc4 e6 8.
O-O Be7 9. Ne5 O-O 10. c3 b5 11. Bb3 c5 12. Nxg6 fxg6 13. Bxe6+ Kh8 14. Be3 Qd6
15. Bh3 c4 16. Qc2 Nbd7 17. Ne4 Qc6 18. Nxf6 Nxf6 19. g3 Rad8 20. Bg2 Qd7 21.
Rae1 Bd6 22. b3 Qc7 23. f4 Rc8 24. Bd2 a5 25. f5 gxf5 26. Rxf5 Qb6 27. Rb1 cxb3
28. Qxb3 b4 29. cxb4 Qxd4+ 30. Qe3 Qxe3+ 31. Bxe3 axb4 32. Rb5 Rc2 33. Ra5 Re8
34. Bf2 h5 35. Bf3 Re5 36. Ra8+ Kh7 37. Bd4 Rf5 38. Bxf6 Rxf3 39. Bd4 Rd3 40.
Bf2 Rdd2 41. Rf1 Bc5 42. Bxc5 Rg2+ 43. Kh1 Rxh2+ 44. Kg1 Rcg2# 0-1

[Event "DEM U12/U12w 2008"]
[Site "Willingen GER"]
[Date "2008.05.15"]
[Round "8"]
[White "Röhlich, Anna"]
[Black "Neumann, Florian"]
[Result "0-1"]
[Termination "normal"]
[Board "42"]
[WhiteElo "1043"]
[BlackElo "1350"]
[PlyCount "36"]
[EventCountry "GER"]
[EventRounds "11"]
[EventType "swiss"]
[EventDate "2008.05.10"]

1. e4 e5 2. Nf3 Nc6 3. Bc4 Nf6 4. Ng5 d5 5. exd5 Nd4 6. c3 b5 7. cxd4 bxc4 8.
dxe5 Qxd5 9. Nf3 Ng4 10. Nc3 Qc5 11. O-O Be6 12. Qe2 h6 13. h3 h5 14. hxg4 hxg4
15. Ng5 Bc8 16. Qe3 Qc6 17. Qe4 Qh6 18. g3 Qh2# 0-1

[Event "DEM U12/U12w 2008"]
[Site "Willingen GER"]
[Date "2008.05.15"]
[Round "8"]
[White "Bajorski, Maria Sophie"]
[Black "Hauffen, Franziska"]
[Result "1-0"]
[Termination "normal"]
[Board "43"]
[WhiteElo "1211"]
[BlackElo "1143"]
[PlyCount "117"]
[WhiteFideId "24654531"]
[EventCountry "GER"]
[EventRounds "11"]
[EventType "swiss"]
[EventDate "2008.05.10"]

1. e4 c5 2. c3 d5 3. exd5 Qxd5 4. d4 Nf6 5. Nf3 Bg4 6. Be2 Nc6 7. c4 Qd8 8. d5
Nb8 9. Nc3 Qd7 10. h3 Bh5 11. O-O e6 12. Re1 Be7 13. Ne5 Bxe2 14. Rxe2 Qd6 15.
Bf4 Qa6 16. Nb5 Qb6 17. d6 Bd8 18. d7+ Nbxd7 19. Nd6+ Kf8 20. Nxd7+ Nxd7 21.
Nxf7 Kxf7 22. Qxd7+ Be7 23. Bc7 Qa6 24. Rae1 Qc6 25. Qxe6+ Qxe6 26. Rxe6 Rhe8
27. R6e3 Bf6 28. Kf1 Bd4 29. Rf3+ Kg8 30. Rxe8+ Rxe8 31. b3 Rc8 32. Bd6 Rd8 33.
Be7 Re8 34. Bh4 b6 35. Rf5 Bc3 36. f3 Be5 37. f4 Bb8 38. g3 Re4 39. Rd5 Rd4 40.
Rxd4 cxd4 41. Ke2 Bd6 42. Kd3 Bc5 43. g4 Kf7 44. Bf2 Ke6 45. Bxd4 Bxd4 46. Kxd4
Kd6 47. f5 h6 48. h4 Ke7 49. c5 bxc5+ 50. Kxc5 Kd7 51. b4 Kc7 52. a4 a6 53. b5
axb5 54. axb5 Kb7 55. b6 Kb8 56. Kc6 Kc8 57. h5 Kb8 58. b7 Ka7 59. Kc7 1-0

[Event "DEM U12/U12w 2008"]
[Site "Willingen GER"]
[Date "2008.05.15"]
[Round "8"]
[White "Jermann, Isabel"]
[Black "Paliy, Margaryta"]
[Result "1-0"]
[Termination "normal"]
[Board "45"]
[WhiteElo "1146"]
[BlackElo "934"]
[PlyCount "97"]
[BlackFideId "24692417"]
[EventCountry "GER"]
[EventRounds "11"]
[EventType "swiss"]
[EventDate "2008.05.10"]

1. d4 d5 2. Bf4 Nc6 3. e3 Nf6 4. c3 Bf5 5. Bd3 e6 6. Nf3 Bd6 7. O-O Bxf4 8.
exf4 O-O 9. Ne5 Qd6 10. Qf3 Nd7 11. Nd2 f6 12. Nxc6 bxc6 13. Bxf5 exf5 14. Rfe1
Rfe8 15. Re3 c5 16. dxc5 Nxc5 17. Rd1 Ne4 18. Nxe4 fxe4 19. Qg3 Rad8 20. f3 f5
21. Re2 exf3 22. Qxf3 Qb6+ 23. Qf2 Qxf2+ 24. Kxf2 c5 25. Red2 d4 26. cxd4 cxd4
27. Rxd4 Rxd4 28. Rxd4 Rb8 29. b3 a5 30. Ra4 Rb5 31. Ke3 Kf7 32. Kd4 Ke6 33.
Kc3 Rc5+ 34. Rc4 Kd5 35. Rxc5+ Kxc5 36. a3 Kb5 37. b4 a4 38. Kd4 g6 39. Ke5 Kc4
40. Kf6 Kb3 41. b5 Kxa3 42. b6 Kb2 43. b7 a3 44. b8=Q+ Ka1 45. Ke5 h5 46. Kd4
g5 47. Kc3 gxf4 48. Kc2 f3 49. Qb1# 1-0

[Event "DEM U12/U12w 2008"]
[Site "Willingen GER"]
[Date "2008.05.15"]
[Round "8"]
[White "Wulf, Constanze"]
[Black "Bohm, Stephanie"]
[Result "1/2-1/2"]
[Termination "normal"]
[Board "46"]
[WhiteElo "1047"]
[BlackElo "888"]
[PlyCount "67"]
[WhiteFideId "24692379"]
[EventCountry "GER"]
[EventRounds "11"]
[EventType "swiss"]
[EventDate "2008.05.10"]

1. e4 c5 2. Nf3 Nc6 3. d4 cxd4 4. Nxd4 g6 5. Nc3 Bg7 6. Be3 d6 7. Qd2 Nxd4 8.
Bxd4 Nf6 9. Be2 O-O 10. O-O b6 11. Rad1 Bb7 12. f3 e6 13. Rfe1 d5 14. Bd3 dxe4
15. Bxe4 Bxe4 16. Nxe4 Nxe4 17. Rxe4 Bxd4+ 18. Rxd4 Qf6 19. Qb4 Rad8 20. Rxd8
Rxd8 21. Rxd8+ Qxd8 22. Kf2 Qd1 23. Qc3 Qd8 24. g3 f5 25. Ke3 Qg5+ 26. Kf2 Qd8
27. f4 h6 28. Ke2 g5 29. Qe5 Qd7 30. b3 Kf7 31. a4 Kg6 32. Ke1 Qd5 33. Qxd5
exd5 34. Ke2 1/2-1/2

[Event "DEM U12/U12w 2008"]
[Site "Willingen GER"]
[Date "2008.05.15"]
[Round "8"]
[White "Michels, Kim"]
[Black "Fischer, Maxi"]
[Result "1-0"]
[Termination "normal"]
[Board "47"]
[WhiteElo "926"]
[BlackElo "1026"]
[PlyCount "67"]
[WhiteFideId "24690066"]
[BlackFideId "24692395"]
[EventCountry "GER"]
[EventRounds "11"]
[EventType "swiss"]
[EventDate "2008.05.10"]

1. e4 e5 2. Nf3 Nc6 3. Bc4 Bc5 4. c3 Nf6 5. d4 exd4 6. cxd4 Bb4+ 7. Nc3 Bxc3+
8. bxc3 Nxe4 9. O-O d5 10. Bd3 Ne7 11. Bb2 Nf6 12. Re1 O-O 13. Ba3 Re8 14. Qc2
Be6 15. Ng5 g6 16. Nxe6 Qd7 17. Nc5 Qd6 18. Ne4 Qf4 19. Nxf6+ Qxf6 20. Re5 Kg7
21. Rae1 Qc6 22. Bxe7 b5 23. Bh4 Kf8 24. Be7+ Kg8 25. Bg5 Rf8 26. Bh6 Rfd8 27.
Re7 Rd6 28. Qd2 Rf6 29. Qe3 Re6 30. Qf4 f5 31. R7xe6 Qxe6 32. Rxe6 Kf7 33. Qe5
Rg8 34. Qf6# 1-0

[Event "DEM U12/U12w 2008"]
[Site "Willingen GER"]
[Date "2008.05.16"]
[Round "10"]
[White "Osmanodja, Filiz"]
[Black "Blübaum, Matthias"]
[Result "1/2-1/2"]
[Termination "normal"]
[Board "1"]
[WhiteElo "1984"]
[BlackElo "1912"]
[PlyCount "75"]
[WhiteFideId "24633569"]
[BlackFideId "24651516"]
[EventCountry "GER"]
[EventRounds "11"]
[EventType "swiss"]
[EventDate "2008.05.10"]

1. e4 e6 2. d4 d5 3. Nc3 Nf6 4. e5 Nfd7 5. f4 c5 6. Nf3 Nc6 7. Be3 a6 8. Qd2 b5
9. a3 Bb7 10. Be2 Be7 11. O-O O-O 12. Kh1 Qb6 13. Rfd1 cxd4 14. Nxd4 Bc5 15.
Bg4 Rad8 16. Bg1 Bxd4 17. Bxd4 Qxd4 18. Qxd4 Nxd4 19. Rxd4 Nb8 20. Ne2 Rc8 21.
c3 Nc6 22. Rd2 Na5 23. Nd4 Nc4 24. Re2 Rce8 25. Kg1 Bc8 26. g3 Bd7 27. Kf2 Re7
28. Ke1 a5 29. b3 Nb6 30. Rc2 a4 31. Rb2 Rc8 32. Kd2 axb3 33. Rxb3 Nc4+ 34. Kd3
Rc5 35. Rab1 h6 36. Nxb5 Bxb5 37. Rxb5 Rxb5 38. Rxb5 1/2-1/2

[Event "DEM U12/U12w 2008"]
[Site "Willingen GER"]
[Date "2008.05.16"]
[Round "10"]
[White "Bauer, Andreas"]
[Black "Xu, Xianliang"]
[Result "0-1"]
[Termination "normal"]
[Board "2"]
[WhiteElo "1986"]
[BlackElo "1801"]
[PlyCount "64"]
[WhiteFideId "4625030"]
[BlackFideId "4603230"]
[EventCountry "GER"]
[EventRounds "11"]
[EventType "swiss"]
[EventDate "2008.05.10"]

1. e4 e6 2. d4 d5 3. e5 c5 4. c3 Qb6 5. a3 Bd7 6. b4 cxb4 7. cxb4 Bb5 8. Bxb5+
Qxb5 9. Nc3 Qd7 10. Nf3 Nc6 11. Bb2 Nh6 12. Rc1 Be7 13. Qd3 O-O 14. O-O f6 15.
Rfe1 f5 16. h4 Qd8 17. g3 f4 18. Ne2 fxg3 19. fxg3 Nf5 20. Rc2 Qe8 21. Bc1 Qg6
22. Ng5 Bxg5 23. hxg5 Nfxd4 24. Qxg6 hxg6 25. Rxc6 Nxe2+ 26. Rxe2 bxc6 27. Bf4
a5 28. Be3 axb4 29. axb4 Ra1+ 30. Kg2 Rfa8 31. Kf3 R8a2 32. Bd2 Rd1 0-1

[Event "DEM U12/U12w 2008"]
[Site "Willingen GER"]
[Date "2008.05.16"]
[Round "10"]
[White "Lebeda, Timo"]
[Black "Möhn, Hans"]
[Result "0-1"]
[Termination "normal"]
[Board "3"]
[WhiteElo "1889"]
[BlackElo "1825"]
[PlyCount "80"]
[WhiteFideId "4638565"]
[BlackFideId "24647837"]
[EventCountry "GER"]
[EventRounds "11"]
[EventType "swiss"]
[EventDate "2008.05.10"]

1. c4 g6 2. Nc3 Bg7 3. d4 Nf6 4. Bg5 d6 5. e3 O-O 6. Bd3 h6 7. Bh4 c6 8. Qc2 a5
9. Nge2 Na6 10. a3 Qe8 11. O-O e5 12. Rae1 Bd7 13. f4 Ng4 14. Qd2 exd4 15. exd4
f5 16. h3 Nf6 17. Bf2 Qf7 18. Ng3 Nc7 19. Na4 b5 20. Nb6 Ra6 21. Nxd7 Qxd7 22.
Re2 d5 23. cxd5 cxd5 24. Rc1 Ne4 25. Nxe4 dxe4 26. Bc2 Rd8 27. Bb3+ Kh7 28. Qc3
Nd5 29. Bxd5 Qxd5 30. Rd2 g5 31. Qg3 Rg6 32. Be3 Qd6 33. Rc5 gxf4 34. Qxf4 Qxf4
35. Bxf4 Bxd4+ 36. Kf1 Bxc5 37. Rxd8 Rc6 38. Ke2 b4 39. a4 Bb6 40. b3 Bxd8 0-1

[Event "DEM U12/U12w 2008"]
[Site "Willingen GER"]
[Date "2008.05.16"]
[Round "10"]
[White "Lampert, Jonas"]
[Black "Kyas, Philipp"]
[Result "1-0"]
[Termination "normal"]
[Board "4"]
[WhiteElo "1762"]
[BlackElo "1816"]
[PlyCount "39"]
[WhiteFideId "1303759"]
[BlackFideId "24670936"]
[EventCountry "GER"]
[EventRounds "11"]
[EventType "swiss"]
[EventDate "2008.05.10"]

1. e4 e6 2. d4 d5 3. Nc3 b6 4. Nf3 Bb7 5. exd5 exd5 6. Bf4 Bd6 7. Bxd6 Qxd6 8.
Bd3 Ne7 9. O-O Nbc6 10. Qd2 O-O-O 11. a4 Qf6 12. a5 Nxa5 13. Nb5 Kb8 14. Nxa7
Kxa7 15. b4 Nec6 16. bxa5 Nxa5 17. Ne5 Rhf8 18. Rfb1 Qd6 19. Rxa5+ bxa5 20.
Qxa5+ 1-0